| 000 | 00585nam a22002057a 4500 | ||
|---|---|---|---|
| 001 | BD-DhSAU 6612 | ||
| 003 | BD-DhSAU | ||
| 005 | 20150510131223.0 | ||
| 008 | 150510b1980 nyua|||| |||| 001 0 eng d | ||
| 020 | _a0246114509 | ||
| 040 | _aBD-DhSAU | ||
| 082 |
_222 _a633.34 _bWOR |
||
| 245 |
_aWorld soybean research conference ii : _bAbstracts / _cedited by Frederick T. Corbon |
||
| 260 |
_aN ew york : _bWestview press, _cc1980. |
||
| 300 |
_axv, 897 p.: _bill. ; _c23 cm. |
||
| 504 | _aIncludes index | ||
| 590 | _aIMRAN | ||
| 650 | _aWorld soybean | ||
| 700 | _aCorbon, Frederick T. | ||
| 942 |
_2ddc _cBOOK |
||
| 999 |
_c6612 _d6612 |
||